<?xml version="1.0" encoding="UTF-8"?>
<record
    xmlns:xsi="http://www.w3.org/2001/XMLSchema-instance"
    xsi:schemaLocation="http://www.loc.gov/MARC21/slim http://www.loc.gov/standards/marcxml/schema/MARC21slim.xsd"
    xmlns="http://www.loc.gov/MARC21/slim">

  <leader>00718nam a22002177a 4500</leader>
  <datafield tag="952" ind1=" " ind2=" ">
    <subfield code="0">0</subfield>
    <subfield code="1">0</subfield>
    <subfield code="2">ddc</subfield>
    <subfield code="4">0</subfield>
    <subfield code="7">0</subfield>
    <subfield code="8">NFIC</subfield>
    <subfield code="a">ASL</subfield>
    <subfield code="b">ASL</subfield>
    <subfield code="c">ASBP</subfield>
    <subfield code="d">2020-02-05</subfield>
    <subfield code="e">ASB Publications</subfield>
    <subfield code="h">ASP-140</subfield>
    <subfield code="l">0</subfield>
    <subfield code="o">809.4 RAB</subfield>
    <subfield code="p">100784</subfield>
    <subfield code="r">2020-02-05 00:00:00</subfield>
    <subfield code="t">C-1</subfield>
    <subfield code="w">2020-02-05</subfield>
    <subfield code="y">BK</subfield>
  </datafield>
  <datafield tag="952" ind1=" " ind2=" ">
    <subfield code="0">0</subfield>
    <subfield code="1">0</subfield>
    <subfield code="2">ddc</subfield>
    <subfield code="4">0</subfield>
    <subfield code="7">0</subfield>
    <subfield code="8">NFIC</subfield>
    <subfield code="a">ASL</subfield>
    <subfield code="b">ASL</subfield>
    <subfield code="c">ASBP</subfield>
    <subfield code="d">2020-02-05</subfield>
    <subfield code="e">ASB Publications</subfield>
    <subfield code="h">ASP-140</subfield>
    <subfield code="l">0</subfield>
    <subfield code="o">809.4 RAB</subfield>
    <subfield code="p">100785</subfield>
    <subfield code="r">2020-02-05 00:00:00</subfield>
    <subfield code="t">C-2</subfield>
    <subfield code="w">2020-02-05</subfield>
    <subfield code="y">BK</subfield>
  </datafield>
  <datafield tag="952" ind1=" " ind2=" ">
    <subfield code="0">0</subfield>
    <subfield code="1">0</subfield>
    <subfield code="2">ddc</subfield>
    <subfield code="4">0</subfield>
    <subfield code="7">0</subfield>
    <subfield code="8">NFIC</subfield>
    <subfield code="a">ASL</subfield>
    <subfield code="b">ASL</subfield>
    <subfield code="c">ASBP</subfield>
    <subfield code="d">2020-02-05</subfield>
    <subfield code="e">ASB Publications</subfield>
    <subfield code="h">ASP-140</subfield>
    <subfield code="l">0</subfield>
    <subfield code="o">809.4 RAB</subfield>
    <subfield code="p">100786</subfield>
    <subfield code="r">2020-02-05 00:00:00</subfield>
    <subfield code="t">C-3</subfield>
    <subfield code="w">2020-02-05</subfield>
    <subfield code="y">BK</subfield>
  </datafield>
  <datafield tag="952" ind1=" " ind2=" ">
    <subfield code="0">0</subfield>
    <subfield code="1">0</subfield>
    <subfield code="2">ddc</subfield>
    <subfield code="4">0</subfield>
    <subfield code="7">0</subfield>
    <subfield code="8">NFIC</subfield>
    <subfield code="a">ASL</subfield>
    <subfield code="b">ASL</subfield>
    <subfield code="c">ASBP</subfield>
    <subfield code="d">2020-02-05</subfield>
    <subfield code="e">ASB Publications</subfield>
    <subfield code="h">ASP-140</subfield>
    <subfield code="l">0</subfield>
    <subfield code="o">809.4 RAB</subfield>
    <subfield code="p">100787</subfield>
    <subfield code="r">2020-02-05 00:00:00</subfield>
    <subfield code="t">C-4</subfield>
    <subfield code="w">2020-02-05</subfield>
    <subfield code="y">BK</subfield>
  </datafield>
  <datafield tag="952" ind1=" " ind2=" ">
    <subfield code="0">0</subfield>
    <subfield code="1">0</subfield>
    <subfield code="2">ddc</subfield>
    <subfield code="4">0</subfield>
    <subfield code="7">0</subfield>
    <subfield code="8">NFIC</subfield>
    <subfield code="a">ASL</subfield>
    <subfield code="b">ASL</subfield>
    <subfield code="c">ASBP</subfield>
    <subfield code="d">2020-02-05</subfield>
    <subfield code="e">ASB Publications</subfield>
    <subfield code="h">ASP-140</subfield>
    <subfield code="l">0</subfield>
    <subfield code="o">809.4 RAB</subfield>
    <subfield code="p">100788</subfield>
    <subfield code="r">2020-02-05 00:00:00</subfield>
    <subfield code="t">C-5</subfield>
    <subfield code="w">2020-02-05</subfield>
    <subfield code="y">BK</subfield>
  </datafield>
  <datafield tag="999" ind1=" " ind2=" ">
    <subfield code="c">17693</subfield>
    <subfield code="d">17693</subfield>
  </datafield>
  <controlfield tag="003">BDDh-ASL</controlfield>
  <controlfield tag="005">20231015025627.0</controlfield>
  <controlfield tag="008">200205s2019    bg ||||| |||| 00| 0 eng d</controlfield>
  <datafield tag="020" ind1=" " ind2=" ">
    <subfield code="a">978-984-34-7539-8</subfield>
  </datafield>
  <datafield tag="040" ind1=" " ind2=" ">
    <subfield code="a">BDDh-ASL</subfield>
    <subfield code="c">BDDh-ASL</subfield>
    <subfield code="d">BDDh-ASL</subfield>
  </datafield>
  <datafield tag="082" ind1=" " ind2=" ">
    <subfield code="a">809.4</subfield>
    <subfield code="b">RAB</subfield>
  </datafield>
  <datafield tag="100" ind1=" " ind2=" ">
    <subfield code="9">573</subfield>
    <subfield code="a">Razzaque, Rana</subfield>
  </datafield>
  <datafield tag="245" ind1=" " ind2=" ">
    <subfield code="a">Bengali Muslims:</subfield>
    <subfield code="b">Social and Political Thought (1918-1947) / </subfield>
    <subfield code="c">Rana Razzaque</subfield>
  </datafield>
  <datafield tag="260" ind1=" " ind2=" ">
    <subfield code="a">Dhaka:</subfield>
    <subfield code="b">Asiatic Society of Bangladesh,</subfield>
    <subfield code="c">2019.</subfield>
  </datafield>
  <datafield tag="300" ind1=" " ind2=" ">
    <subfield code="a">xvi, 344 p. :</subfield>
    <subfield code="c">23 cm.</subfield>
  </datafield>
  <datafield tag="440" ind1=" " ind2=" ">
    <subfield code="9">312</subfield>
    <subfield code="a">Asiatic Society of Bangladesh publication;</subfield>
    <subfield code="n">, no. 140</subfield>
  </datafield>
  <datafield tag="500" ind1=" " ind2=" ">
    <subfield code="a">Includes index</subfield>
  </datafield>
  <datafield tag="504" ind1=" " ind2=" ">
    <subfield code="a">Bibliography</subfield>
  </datafield>
  <datafield tag="650" ind1=" " ind2="0">
    <subfield code="9">45</subfield>
    <subfield code="a">Muslims</subfield>
    <subfield code="x">History.</subfield>
    <subfield code="x">Society </subfield>
    <subfield code="x">Politics</subfield>
    <subfield code="z">Bengal</subfield>
  </datafield>
  <datafield tag="942" ind1=" " ind2=" ">
    <subfield code="2">ddc</subfield>
    <subfield code="c">BK</subfield>
  </datafield>
</record>
